00559nam a2200157Ia 4500008004100000082001600041100001400057245004700071260005500118300001000173630001800183650006000201942000900261952011400270999001700384211109s9999||||xx |||||||||||||| ||und|| a824 bRUS-C aRussell,  0aConquest Of Happiness Tr Mal By P D Pillai bKamalalya Printing WorksaThiruvananthapuramc1963 a158p. xGeneral Stack aEnglish LiteraturevEnglish essaysLiteraturexGeneralia cBOOK 00104070aSBCLbSBCLc2d2021-11-09g100.00l0o824 RUS-Cp00028900r2021-11-09 00:00:00w2021-11-09yBOOK c28072d28072